1041 1078 1619 1305 1235 1099 1803 1302 1498 1319 1887 1299 1588 1491 1545 1334 1397 1295 1698 1024 1408 1733 1941 1303 1127 1706 1828 1425 1023 1805 1308 1155 1552 1723 1051 1183 1871 1671 1951 1250 1597 1093 1962 1841 1434 1553 1785 1448 1160 1587 1917 1672 1685 1598 1317 1714 1805 1338 1325 1750 1824 1502 1012 1945 1120 1385 1300 1825 1399 1621 1271 1630 1142 1841 1146 1227 1895 1578 1679 1079 1052 1837 1521 1338 1083 1637 1294 1431 1234 1904 1863 1350 1859 1665 1449 1337 1208 1855 1835 BCNSPRNW ULIB Ver.6.0+V

เปลี่ยนเป็นภาษาไทย

Change to English
 แสดงรายละเอียดบรรณานุกรม
  กลับหน้าหลัก

Brief Record : Get Marc (ISO 2709) : E-mail record : QR code < ปิดหน้าต่าง
LEADER : 00000nam 2200000uu 4500
001    13399112335
003     ULIB
008    110222s2541||||th 000 0 tha d
020    9745654248
060 04 WY16^bร478ว 2541
100 0  รัตนา ทองสวัสดิ์
245 10 วิชาชีพการพยาบาลประเด็นและแนวโน้มและแนวโน้ม
250    พิมพ์ครั้งที่ 5
260    เชียงใหม่ :^bธนบรรณการพิมพ์,^c2541
300    249 หน้า ;^b21 ซม.
650  7 การพยาบาล
650  7 การพยาบาล, การศึกษา
650  7 พยาบาล
650  7 อัตมโนทัศน์
945    ^p60^l0^i006437
945    ^p60^l0^i006438
945    ^p60^l0^i006439
945    ^p60^l0^i006440
945    ^p60^l0^i006441
945    ^p60^l0^i006676
945    ^p60^l0^i006677
945    ^p60^l0^i006678
945    ^p60^l0^i021562
945    ^p60^l0^i021563
945    ^p60^l0^i021564
945    ^p60^l0^i021565
995    ทศพร
999 ^a ใช้งานได้ทุกระบบ
รายการนี้ยังไม่มีแท็ก
คุณยังไม่ได้ล็อกอิน คุณสามารถมีกิจกรรมร่วมกับเว็บไซต์ได้ แต่ต้องล็อกอินก่อน ::
  ล็อกอิน

รายการสื่อสารสนเทศ

ลำดับที่ ประเภท เลขเรียก/บาร์โค้ด สถานที่ สถานะ
- ไม่พบข้อมูล -

รายการใกล้เคียง
    ผู้แต่ง [รัตนา ทองสวัสดิ์]

    หัวเรื่อง [การพยาบาล]
    หัวเรื่อง [การพยาบาล, การศึกษา]
    หัวเรื่อง [พยาบาล]
    หัวเรื่อง [อัตมโนทัศน์]

BibComment


ยังไม่เคยถูกคอมเมนท์

คอมเมนท์ทรัพยากรรายการนี้
  คอมเมนท์: วิชาชีพการพยาบาลป..


 Copyright 2026. Bcnsprnw @Library